Normal view
MARC view
- Electrical and Mechanical Engineering - MS PHD Thesis
Entry Topical Term
001 - CONTROL NUMBER
- control field: 16535
003 - CONTROL NUMBER IDENTIFIER
- control field: NUST
005 - DATE AND TIME OF LATEST TRANSACTION
- control field: 20190703092334.0
008 - FIXED-LENGTH DATA ELEMENTS
- fixed length control field: 190703|| aca||aabn | a|a d
040 ## - CATALOGING SOURCE
- Original cataloging agency: NUST
- Transcribing agency: NUST
150 ## - HEADING--TOPICAL TERM
- Topical term or geographic name entry element: Electrical and Mechanical Engineering - MS PHD Thesis
670 ## - SOURCE DATA FOUND
- Source citation: Work cat.: (NUST): Ahsan, Usman 16534, Difference in Work Motivation Between Public and Private Sector Organizations in Pakistan /, 2016.
